| 000 | 00448nam a2200157 a 4500 | ||
|---|---|---|---|
| 001 | 000013654 | ||
| 005 | 20200929163311.0 | ||
| 008 | 091127s1995 dr a r 000 0 spa d | ||
| 040 |
_aDO-SdBNP _bspa _cBNPHU |
||
| 082 |
_axxxx _bA185a |
||
| 100 | 1 |
_aAcosta, Pedro _9463 |
|
| 245 | 1 | 0 |
_aAbriendo nuevas puertas. / _cPedro Acosta. |
| 260 |
_aSanto Domingo : _bAlfa & Omega, _c1995. |
||
| 300 |
_a85 p. : _bil. ; _c21 cm. |
||
| 590 | _aInventariado, 2019/BT | ||
| 999 |
_c13268 _d13268 |
||